| 000 | 00778nam a2200241 i 4500 | ||
|---|---|---|---|
| 001 | 181091 | ||
| 003 | ES-MaACL | ||
| 005 | 20250911062659.0 | ||
| 008 | 121016s2011 sp | |||||||| | spa d | ||
| 020 | _a978-84-233-4508-3 | ||
| 080 | _a821.134.1-31"19" | ||
| 100 |
_aCabré, Jaume, _d1947- _9241927 |
||
| 245 | 1 | 0 |
_aYo confieso / _cJaume Cabré ; traducción de Concha Cardeñoso Sáenz de Miera. |
| 250 | _a1ª ed. | ||
| 260 |
_aBarcelona : _bDestino, _c2011. |
||
| 300 |
_a859 p. ; _c24 cm. |
||
| 490 | 1 |
_aÁncora y delfín ; _v1213 |
|
| 700 |
_aCardeñoso Sáenz, Concha, _d1956- _9241928 |
||
| 830 | 0 | 0 |
_aÁncora y Delfín _v1213 _9151298 |
| 852 |
_aES-MaACL _jA-12300 _9187974 _bR.148325 _cDEPO1 _dOlim: N-5305 |
||
| 942 |
_2udc _cMONOGRAFIA |
||
| 999 |
_c181091 _d181091 |
||